00413nam a2200145Ia 45000010005000000080041000050200015000460400013000610820023000741000018000972450081001152500009001962600056002055010006002612049140314s9999 xx 000 0 und d a8176496464 cPK-LaUMT aR 331.702003bINT- aAndrew Morkes aInternational encyclopedia of careers and vocational guidancecAndrew Morkes a12th aNew Delhi,India:bViva Books Private Limited,c2004 a4